Impact of Digital Revolution on Business Management in International Economic and Tax Environment

Problém v prostredí digitálnej revolúcie alebo v štvrtej priemyselnej revolúcii, a to aj v medzinárodnom ekonomickom a daňovom prostredí. Digitalizácia ekonomiky hovorí o akomsi fenoméne, ktorý by mal priniesť nekonečné množstvo príležitostí na zvýšenie produktivity, zabezpečenie rastu obchodu či ri...

Celý popis

Uložené v:
Podrobná bibliografia
Hlavný autor: Vavrová, Katarína, 1960-
Médium: Kapitola
Jazyk:Slovak
Predmet:
Tagy: Pridať tag
Žiadne tagy, Buďte prvý, kto otaguje tento záznam!

MARC

LEADER 00000naa$a2200000$$$4500
001 0280982
005 20240502083901.0
041 0 |a slo 
044 |a PL 
245 1 0 |a Impact of Digital Revolution on Business Management in International Economic and Tax Environment  |c Katarína Vavrová 
520 |a Problém v prostredí digitálnej revolúcie alebo v štvrtej priemyselnej revolúcii, a to aj v medzinárodnom ekonomickom a daňovom prostredí. Digitalizácia ekonomiky hovorí o akomsi fenoméne, ktorý by mal priniesť nekonečné množstvo príležitostí na zvýšenie produktivity, zabezpečenie rastu obchodu či riešenie ekonomických a daňových problémov. Jednotný digitálny trh - príležitosť pre manažment podnikov. Smart City ako celosvetový koncept. 
610 2 0 |a revolúcia priemyselná 
610 2 0 |a priemysel 4.0 
610 2 0 |a mestá inteligentné 
610 2 0 |a zdaňovanie 
610 2 0 |a podnik 
100 1 |a Vavrová, Katarína, 1960-